|
|
|
|
| LEADER |
01168nam a2200277 a 4500 |
| 001 |
00025181 |
| 008 |
120515s2010 enka 000 1 eng d |
| 999 |
|
|
|c 12326
|d 12326
|
| 020 |
|
|
|a 9780194247016
|
| 040 |
|
|
|a BD-DhAAL
|c BD-DhAAL
|
| 082 |
0 |
0 |
|a 428.6
|2 22
|
| 100 |
1 |
|
|a Verne, Jules
|9 30013
|
| 245 |
1 |
0 |
|a Around the world in eighty days /
|c Jules Verne ; text adaptations by Bill Bowler ; illustrated by Mark Draisey.
|
| 260 |
|
|
|a Oxford :
|b Oxford University Press,
|c 2010
|
| 300 |
|
|
|a 51 p. :
|b col. ill. ;
|c 21 cm.
|
| 490 |
0 |
|
|a Dominoes., Starter level.
|
| 500 |
|
|
|a "Starter level 250 headwords."
|
| 541 |
|
|
|e 00025181
|
| 650 |
|
0 |
|a Voyages around the world
|v Fiction
|9 30014
|
| 650 |
|
0 |
|a Readers (Adult)
|9 30015
|
| 650 |
|
0 |
|a Readers for new literates.
|9 30016
|
| 650 |
|
0 |
|a High interest-low vocabulary books.
|9 30017
|
| 700 |
1 |
|
|a Bowler, Bill
|9 30018
|
| 852 |
1 |
|
|a Ayesha Abed Library
|c General shelf.
|
| 942 |
|
|
|2 ddc
|c BK
|
| 952 |
|
|
|0 0
|1 0
|2 ddc
|4 0
|6 428_600000000000000_VER
|7 0
|9 20365
|a BRACUL
|b BRACUL
|c GEN
|d 2012-06-03
|e Paragon Enterprises Ltd.
|g 126.00
|l 5
|m 1
|o 428.6 VER
|p 3010025181
|r 2025-07-22
|s 2024-12-03
|t 1
|w 2012-06-03
|y BK
|x Transferred from BIL to BRACUL on 06/06/22
|